[Event "Cto. Equipos de Navarra DH 2018"]
[Site "?"]
[Date "2018.11.10"]
[Round "3"]
[White "Urriza Iricibar, Pablo"]
[Black "Abalia Patino, Aritz"]
[Result "1/2-1/2"]
[EventDate "2018.??.??"]
[EventCountry "ESP"]
[EventType "team"]
[EventRounds "7"]
[WhiteElo "2268"]
[BlackElo "2155"]

1.e4 d5 2.exd5 Qxd5 3.Nc3 Qd6 4.d4 Nf6 5.Nf3 c6 6.Ne5 Nbd7 7.Nc4 Qc7 8.g3 Nb6
9.Bf4 Qd8 10.Ne5 g6 11.Bg2 Bg7 12.h3 O-O 13.O-O Be6 14.Qd2 Re8 15.Rad1 Rc8 16.b3
Nfd5 17.Nxd5 Nxd5 18.Bxd5 cxd5 19.g4 Bxe5 20.Bxe5 b5 21.Rc1 Qb6 22.c3 a5 23.Kh2
f6 24.Bg3 Bf7 25.Rfe1 Rc6 26.Re3 b4 27.Rce1 bxc3 28.Rxc3 Qb4 29.Ree3 e5 30.a3
Qxd4 31.Qxd4 exd4 32.Rxe8 Bxe8 33.Rxc6 Bxc6 34.Kg2 g5 35.Kf1 a4 36.bxa4 Bxa4
37.Bd6 Kf7 38.Bc5 d3 39.Ke1 Ke6 40.Bd4 f5 41.f3 Bc2 42.Kd2 Bb3 43.Be3 h6 44.Bd4
fxg4 45.fxg4 Kf7 1/2-1/2

[Event "Cto. Equipos de Navarra DH 2018"]
[Site "?"]
[Date "2018.11.10"]
[Round "5"]
[White "Morante Rafael, Aritz"]
[Black "Ortega Lopez, Mikel"]
[Result "1-0"]
[EventDate "2018.??.??"]
[EventCountry "ESP"]
[EventType "team"]
[EventRounds "7"]
[WhiteElo "2067"]
[BlackElo "2254"]

1.e4 c5 2.b3 Nc6 3.Bb2 Nf6 4.e5 Nd5 5.Nf3 d6 6.exd6 e6 7.Na3 a6 8.Nc4 b5 9.Nce5
Qxd6 10.a4 Rb8 11.axb5 axb5 12.Nxc6 Qxc6 13.Ne5 Qc7 14.c4 Bd6 15.Nf3 bxc4
16.Bxc4 O-O 17.O-O Bb7 18.d4 Rbd8 19.dxc5 Bxc5 20.Qc1 Bd6 21.Qg5 f6 22.Qg4 Rfe8
23.Rac1 Qf7 24.Rfd1 Bf4 25.Ra1 Qc7 26.h4 f5 27.Qh3 Bd6 28.Nd4 Nf4 29.Qc3 Be5
30.Qb4 Bxg2 31.Nxe6 Nxe6 32.Kxg2 Bxb2 33.Rxd8 Qxd8 34.Ra6 Qd7 35.Qb6 Kf7 36.Ra7
Qxa7 37.Qxa7 Kf6 38.Qa6 Bc3 39.Qc6 Bb4 40.Qxe8 1-0

[Event "Cto. Equipos de Navarra DH 2018"]
[Site "?"]
[Date "2018.11.10"]
[Round "5"]
[White "Navarrete Delgado, Sergio"]
[Black "Ramos Dominguez, Joaquin"]
[Result "0-1"]
[EventDate "2018.??.??"]
[EventCountry "ESP"]
[EventType "team"]
[EventRounds "7"]
[WhiteElo "2200"]
[BlackElo "2099"]

1.e4 c5 2.Nc3 a6 3.g3 Nc6 4.Bg2 g6 5.d3 Bg7 6.Be3 d6 7.Nge2 e5 8.Qd2 Nge7 9.Bh6
O-O 10.h4 f6 11.Bxg7 Kxg7 12.f4 Bg4 13.O-O Rc8 14.Rf2 Nd4 15.Raf1 Qa5 16.Nc1 Qb4
17.Nb3 a5 18.fxe5 dxe5 19.Rxf6 Rxf6 20.Rxf6 Kxf6 21.Qg5 Kf7 22.Qxg4 Nxb3 23.axb3
Rc6 24.Kh2 Qd4 25.Ne2 Qxb2 26.Ng1 b5 27.Nf3 Rf6 28.Ng5 Ke8 29.Nxh7 Rf2 30.Qe6
Qxc2 31.Nf6 Rxf6 32.Qxf6 Qxd3 33.Qxe5 Qxb3 34.Qxc5 a4 35.e5 a3 36.Bc6 Kf8
37.Bxb5 a2 38.Qf2 Nf5 39.Qc5 Ne7 40.Qf2 Nf5 41.Qc5 Kg7 42.Qc7 Kh6 43.Qc1 Qe3
44.Qb2 Qxg3 45.Kh1 Qxh4 46.Kg2 Qg3 47.Kh1 Qe1 0-1

[Event "Cto. Equipos de Navarra DH 2018"]
[Site "?"]
[Date "2018.11.10"]
[Round "5"]
[White "Huarte Zozaya, Aitor"]
[Black "Soriano Ascaso, Ignacio"]
[Result "1/2-1/2"]
[EventDate "2018.??.??"]
[EventCountry "ESP"]
[EventType "team"]
[EventRounds "7"]
[WhiteElo "1992"]
[BlackElo "2170"]

1.d4 d5 2.Bf4 c5 3.e3 cxd4 4.exd4 Nc6 5.c3 Nf6 6.Bd3 g6 7.Nf3 Bg7 8.h3 O-O 9.O-O
Bf5 10.Bxf5 gxf5 11.Ne5 e6 12.Nd2 Ne4 13.Nxe4 fxe4 14.Qh5 f6 15.Ng4 Qe8 16.Qh4
Ne7 17.Ne3 Ng6 18.Qg4 h5 19.Qg3 h4 20.Qh2 e5 21.dxe5 fxe5 22.Bg5 d4 23.Ng4 Rf5
24.Bh6 Nf4 25.cxd4 Ne2 26.Kh1 exd4 27.Qc7 Qf7 28.Qxf7 Rxf7 29.Bg5 d3 30.Bxh4 Rc8
31.Rab1 Kh7 32.Ne3 Bd4 33.Kh2 Rc2 34.Nxc2 dxc2 35.Rbe1 c1=Q 36.Rxc1 Nxc1 37.Rxc1
Bxf2 38.Bxf2 Rxf2 39.Rc7 Kg6 40.Rxb7 Kf6 41.Kg3 Rf1 42.Rb3 Ke5 43.h4 Kd4 44.Rb7
e3 45.Rd7 Ke4 46.h5 e2 47.Re7 Kd3 48.Kg4 e1=Q 49.Rxe1 Rxe1 50.Kg5 Re5 51.Kg6 Re4
52.Kf5 Rh4 53.g4 Ke3 54.Kg5 Rh2 55.h6 Kf3 56.b4 Rxa2 57.Kf5 a5 58.bxa5 Rxa5
59.Kg6 Kxg4 60.h7 Ra6 61.Kg7 Ra7 62.Kg6 Ra8 63.Kg7 Kg5 64.h8=Q Ra7 65.Kf8 Ra8
66.Kg7 Ra7 1/2-1/2

[Event "Cto. Equipos de Navarra DH 2018"]
[Site "?"]
[Date "2018.11.10"]
[Round "5"]
[White "Sevilla Subiza, Javier"]
[Black "Malon Insausti, Andres"]
[Result "1/2-1/2"]
[EventDate "2018.??.??"]
[EventCountry "ESP"]
[EventType "team"]
[EventRounds "7"]
[WhiteElo "2125"]
[BlackElo "1900"]

1.d4 Nf6 2.Bg5 Ne4 3.Bf4 c5 4.f3 Qa5 5.c3 Nf6 6.d5 e6 7.e4 exd5 8.exd5 d6 9.Qd2
Be7 10.c4 Qxd2 11.Kxd2 O-O 12.Nc3 Bd7 13.g4 Na6 14.Re1 Rfe8 15.Bd3 Nc7 16.Rxe7
Rxe7 17.Bxd6 Ncxd5 18.cxd5 Ree8 19.Bxc5 b6 20.Bd4 Rad8 21.Nge2 Nxd5 22.Nxd5 Bc6
23.Nc7 Re7 24.Rc1 Bxf3 25.Rc4 Bxg4 26.Be3 Bf3 27.Nd4 Bb7 28.Ncb5 a6 29.Rc7 Rxc7
30.Nxc7 b5 31.Bf5 g6 32.Bh3 h5 33.Ke2 Kh7 34.Kf2 g5 35.Bf5 Kg8 36.Ne2 g4 37.Nf4
Bc8 38.Be4 h4 39.Ncd5 Kg7 40.Bd4 Kf8 41.Bf6 Re8 42.Nh5 Re6 43.Bg7 Ke8 44.Bf5 Rc6
45.Bxc8 Rxc8 46.Nhf6 Kd8 47.Nxg4 Rc2 48.Kf3 f5 49.Nge3 Rxh2 50.Nxf5 h3 51.Kg3
Rd2 52.Bf6 Kd7 53.Kxh3 Rxd5 54.Ng3 b4 55.Kg4 a5 56.Kf4 Rd2 57.Ne4 Rc2 58.Ke3 Kc6
59.Kd3 Rc1 60.Nd2 Kb5 61.Nb3 Rd1 62.Kc2 Rd6 63.Bh8 Rh6 64.Be5 Rh5 65.Bf6 Rh2
66.Kd3 Rh3 67.Kc2 a4 68.Nd4 Kb6 69.Be7 Rh2 70.Kc1 Rh1 71.Kc2 Rh2 1/2-1/2

[Event "Cto. Equipos de Navarra DH 2018"]
[Site "?"]
[Date "2018.11.10"]
[Round "5"]
[White "Roviralta Montero, Axel"]
[Black "Cinza Lopez, Javier"]
[Result "0-1"]
[EventDate "2018.??.??"]
[EventCountry "ESP"]
[EventType "team"]
[EventRounds "7"]
[WhiteElo "1813"]
[BlackElo "2082"]

1.e4 e6 2.d4 d5 3.e5 c5 4.c3 Nc6 5.Nf3 Qb6 6.a3 f6 7.exf6 Nxf6 8.b4 cxd4 9.cxd4
Bd6 10.Nc3 O-O 11.Bd3 Bd7 12.Be3 Be8 13.h3 Bh5 14.g4 Bf7 15.Ng5 Rae8 16.Qc2 Nxd4
17.Bxh7 Kh8 18.Qd3 e5 19.Nxf7 Rxf7 20.Bg6 Ref8 21.Bxf7 Rxf7 22.Na4 Qc6 23.Bxd4
Qxa4 24.Bb2 d4 25.Rc1 Qd7 26.O-O Nd5 27.Qe4 Bf8 28.Bxd4 exd4 29.Qxd4 Rf4 30.Qd3
Qf7 31.f3 Rf6 32.h4 Nf4 33.Qc4 Qg6 34.Qc2 Qe8 35.Rfe1 Qb5 36.Kh1 Nd3 37.Qe2 Qd5
38.Kg2 Nf4 0-1

[Event "Cto. Equipos de Navarra DH 2018"]
[Site "?"]
[Date "2018.11.10"]
[Round "5"]
[White "Mombiela Martinez, Gonzalo"]
[Black "Garisoain Ardanaz, Alvaro"]
[Result "1/2-1/2"]
[EventDate "2018.??.??"]
[EventCountry "ESP"]
[EventType "team"]
[EventRounds "7"]
[WhiteElo "2101"]
[BlackElo "1665"]

1.e4 d6 2.d4 Nf6 3.Nc3 Nbd7 4.f4 e5 5.Nf3 Be7 6.dxe5 dxe5 7.fxe5 Ng4 8.Bf4 Bc5
9.Qd2 Nb6 10.Qxd8 Kxd8 11.O-O-O Bd7 12.Bg3 Ne3 13.Rd3 Nxf1 14.Rxf1 Ke8 15.Ng5 h6
16.Nf3 c6 17.Ne2 Be6 18.b3 a5 19.a4 Nd7 20.Kb2 Rd8 21.Rfd1 Ke7 22.Bh4 g5 23.Nxg5
hxg5 24.Bxg5 Ke8 25.Bxd8 Kxd8 26.Nf4 Bg4 27.R1d2 Ke7 28.h3 Nxe5 29.hxg4 Nxd3
30.Nxd3 Ba7 31.Ne5 Ke6 32.Nf3 Rg8 33.g5 Be3 34.Re2 Bxg5 35.Nd4 Ke7 36.Kc3 Bf4
37.Kc4 Be5 38.Nf5 Kd7 39.Rd2 Kc7 40.Nh6 Rg3 41.Rd3 Rxg2 42.c3 Re2 43.Rf3 Rxe4
44.Kd3 Rf4 45.Rxf4 Bxf4 1/2-1/2

[Event "Cto. Equipos de Navarra DH 2018"]
[Site "?"]
[Date "2018.11.17"]
[Round "6"]
[White "Burguete Archel, Eduardo"]
[Black "Garbisu de Goni, Unai"]
[Result "0-1"]
[EventDate "2018.??.??"]
[EventCountry "ESP"]
[EventType "team"]
[EventRounds "7"]
[WhiteElo "2198"]
[BlackElo "2430"]

1.d4 f5 2.Nf3 Nf6 3.g3 g6 4.Bg2 Bg7 5.O-O O-O 6.b3 b6 7.Ne5 c6 8.c4 Bb7 9.Bb2 d5
10.Nd2 e6 11.Rc1 Qe7 12.Ndf3 a5 13.a3 Rc8 14.cxd5 exd5 15.Rc2 Ne4 16.Qc1 c5
17.Rd1 a4 18.b4 c4 19.Bc3 Na6 20.Bd2 Nc7 21.Bg5 Nxg5 22.Qxg5 Qxg5 23.Nxg5 Nb5
24.Rxc4 Nxa3 25.Rxc8 Rxc8 26.Nd7 Nc4 27.Ne6 Bc6 28.Rc1 Bxd7 29.Bxd5 Nd6 30.Ra1
Kh8 31.e3 Bf6 32.f3 Re8 33.Nf4 Rxe3 34.Rc1 Rc3 35.Re1 a3 36.Ne2 Rc2 0-1

[Event "Cto. Equipos de Navarra DH 2018"]
[Site "?"]
[Date "2018.11.17"]
[Round "6"]
[White "Ortega Lopez, Mikel"]
[Black "Argandona Salinas, Gorka"]
[Result "1-0"]
[EventDate "2018.??.??"]
[EventCountry "ESP"]
[EventType "team"]
[EventRounds "7"]
[WhiteElo "2254"]
[BlackElo "2053"]

1.e4 e6 2.d4 d5 3.Nc3 dxe4 4.Nxe4 Nd7 5.Bd3 Ngf6 6.Qe2 a6 7.Nf3 Nxe4 8.Bxe4 Nf6
9.Bg5 Be7 10.Bd3 b5 11.O-O O-O 12.Bxf6 Bxf6 13.Qe4 1-0

[Event "Cto. Equipos de Navarra DH 2018"]
[Site "?"]
[Date "2018.11.17"]
[Round "6"]
[White "Leranoz Zabalza, Adrian"]
[Black "Jimenez Martin, Gustavo"]
[Result "1-0"]
[EventDate "2018.??.??"]
[EventCountry "ESP"]
[EventType "team"]
[EventRounds "7"]
[WhiteElo "2068"]
[BlackElo "2119"]

1.e4 e5 2.Nf3 Nc6 3.Bb5 f5 4.d3 fxe4 5.dxe4 Nf6 6.O-O Bc5 7.Bg5 d6 8.c3 O-O
9.Nbd2 Qe8 10.a4 a6 11.Bd3 Nh5 12.b4 Ba7 13.b5 Ne7 14.Nxe5 dxe5 15.Bxe7 Qxe7
16.Qxh5 Qc5 17.Nc4 axb5 18.axb5 Qxf2 19.Kh1 Bc5 20.Rae1 Qa2 21.Qxe5 Bf2 22.Re2
Qa1 23.Rexf2 Rxf2 24.Qe8 1-0

[Event "Cto. Equipos de Navarra DH 2018"]
[Site "?"]
[Date "2018.11.17"]
[Round "6"]
[White "Sevilla Subiza, Javier"]
[Black "Larrea Reta, Javier"]
[Result "1-0"]
[EventDate "2018.??.??"]
[EventCountry "ESP"]
[EventType "team"]
[EventRounds "7"]
[WhiteElo "2125"]
[BlackElo "1843"]

1.d4 Nf6 2.Bg5 d5 3.Bxf6 exf6 4.e3 Bd6 5.g3 O-O 6.Bg2 c6 7.Ne2 Bf5 8.Nd2 Nd7
9.O-O Nb6 10.b3 Re8 11.a3 Qd7 12.c4 Bf8 13.c5 Nc8 14.b4 Bd3 15.Nb1 Bxe2 16.Qxe2
g6 17.Nc3 Ne7 18.Qd3 f5 19.b5 Reb8 20.Rfb1 Nc8 21.a4 Ne7 22.h4 Qc8 23.Bf3 Bg7
24.Kg2 Bf8 25.a5 Bg7 26.Rb3 Bf8 27.Qb1 h6 28.Ra2 a6 29.bxc6 bxc6 30.Rab2 Rb5
31.Nxb5 axb5 32.a6 Qxa6 33.Qd3 Bg7 34.Rc2 Qa4 35.Rcc3 b4 36.Rc1 f4 37.Rcb1 fxe3
38.Rxb4 Qa3 39.Rb8 Kh7 40.R1b3 Qa2 41.Rb2 Qa3 42.R8b3 Qa1 43.fxe3 Nf5 44.Bg4 Ne7
45.Qf1 h5 46.Qxa1 Rxa1 47.Rb7 hxg4 48.Rxe7 Kg8 49.Rb8 Kh7 50.Rxf7 1-0

[Event "Cto. Equipos de Navarra DH 2018"]
[Site "?"]
[Date "2018.11.17"]
[Round "6"]
[White "Elia Aldave, Inigo"]
[Black "Cinza Lopez, Javier"]
[Result "0-1"]
[EventDate "2018.??.??"]
[EventCountry "ESP"]
[EventType "team"]
[EventRounds "7"]
[WhiteElo "1693"]
[BlackElo "2082"]

1.e4 e6 2.Nf3 d5 3.Nc3 d4 4.Ne2 c5 5.g3 Nc6 6.Bg2 e5 7.d3 f6 8.O-O Be6 9.Nd2 Bd6
10.a4 a6 11.f4 b5 12.fxe5 fxe5 13.Nf3 Nf6 14.Bg5 O-O 15.Nh4 Rc8 16.axb5 axb5
17.Nf5 h6 18.Nxd6 Qxd6 19.Bxf6 Rxf6 20.Rxf6 gxf6 21.Qf1 Kg7 22.Bh3 c4 23.Bxe6
Qxe6 24.Ra6 Qg4 25.h3 Qg5 26.g4 cxd3 27.cxd3 Nb4 28.Ra7 Kg8 29.Kh2 Rc2 30.Kh1
Nxd3 31.Qa1 Nb4 32.Ra8 Kh7 33.Qa7 Qg7 34.Qb8 Rc7 35.Ng3 d3 36.Qd8 Rd7 37.Qb6 d2
38.Ra1 d1=Q 39.Rxd1 Rxd1 40.Kg2 Nd3 41.Nf5 Nf4 42.Kg3 Rd3 43.Kf2 Nxh3 44.Ke2 Nf4
45.Kf2 Qd7 46.Ne3 Rxe3 0-1

[Event "Cto. Equipos de Navarra DH 2018"]
[Site "?"]
[Date "2018.11.17"]
[Round "6"]
[White "Mombiela Martinez, Gonzalo"]
[Black "Cloethe, Herman Hubert"]
[Result "1-0"]
[EventDate "2018.??.??"]
[EventCountry "ESP"]
[EventType "team"]
[EventRounds "7"]
[WhiteElo "2101"]
[BlackElo "1642"]

1.e4 c6 2.d4 d5 3.e5 Bf5 4.Nc3 e6 5.h4 h6 6.g4 Bg6 7.Bd3 Bxd3 8.Qxd3 Nd7 9.f4
Qb6 10.a4 Bb4 11.Bd2 Qa5 12.Nge2 a6 13.f5 Ne7 14.fxe6 fxe6 15.Nf4 Nf8 16.Rf1
O-O-O 17.Nb1 Bxd2 18.Nxd2 g5 19.hxg5 hxg5 20.Nh5 Nfg6 21.c3 Rdf8 22.Rxf8 Rxf8
23.Nf6 Nf4 24.Qh7 Nfg6 25.b4 Qd8 26.O-O-O Rh8 27.Qf7 Nf4 28.Nf3 Rh3 29.Rf1 Neg6
30.Ne8 Qe7 31.Nd6 Kc7 32.Qxe7 Nxe7 33.Nxg5 Rxc3 34.Kb2 Ne2 35.Nxe6 Kd7 36.Nc5
Kc7 37.Rf7 Kd8 38.Ncxb7 Kd7 39.Nf5 1-0

[Event "Cto. Equipos de Navarra DH 2018"]
[Site "?"]
[Date "2018.11.17"]
[Round "6.1"]
[White "Narciso Dublan, Marc"]
[Black "Huerga Leache, Mikel"]
[Result "1/2-1/2"]
[EventDate "2018.??.??"]
[EventCountry "ESP"]
[EventType "team"]
[EventRounds "7"]
[WhiteElo "2478"]
[BlackElo "2448"]

1.d4 Nf6 2.c4 c5 3.d5 b5 4.cxb5 a6 5.bxa6 g6 6.Nc3 Bg7 7.a7 Rxa7 8.e4 O-O 9.Be2
e6 10.Nf3 exd5 11.exd5 Ba6 12.O-O Bxe2 13.Qxe2 d6 14.Bf4 Re8 15.Qc2 Na6 16.Rad1
Rb7 17.b3 Nh5 18.Bg5 Bf6 19.Bd2 Rbe7 20.Nb5 Re2 21.Qc1 Nb4 22.Bxb4 Bb2 23.Qg5
Bf6 24.Qc1 Bb2 25.Qg5 Bf6 26.Qc1 1/2-1/2

[Event "Cto. Equipos de Navarra DH 2018"]
[Site "?"]
[Date "2018.11.17"]
[Round "6"]
[White "Abalia Patino, Aritz"]
[Black "Bayo Milagro, Alvaro"]
[Result "0-1"]
[EventDate "2018.??.??"]
[EventCountry "ESP"]
[EventType "team"]
[EventRounds "7"]
[WhiteElo "2158"]
[BlackElo "2351"]

1.Nf3 d5 2.c4 e6 3.g3 Nf6 4.Bg2 dxc4 5.Qa4 c6 6.Qxc4 b5 7.Qc2 Bb7 8.O-O Nbd7
9.a4 a6 10.Nc3 Be7 11.d3 O-O 12.e4 Qb6 13.Be3 c5 14.axb5 axb5 15.Rxa8 Rxa8 16.b4
Qc6 17.bxc5 Bxc5 18.Bxc5 Qxc5 19.Qb2 Ba6 20.Rc1 Qb6 21.Qb4 Rc8 22.h3 Nc5 23.Ne5
Nfd7 24.Nxd7 Nxd7 25.Rb1 Ne5 26.Nxb5 Nxd3 27.Qd4 Qxd4 28.Nxd4 Kf8 29.Bf1 Bc4
30.Rd1 Ne5 31.Bxc4 Rxc4 32.Kg2 Ra4 33.Rd2 g6 34.h4 h5 35.Rd1 Ra2 36.Nf3 Nc4
37.Kg1 Ke7 38.Rc1 Nd6 39.Ng5 Ra7 40.Re1 f6 41.Nf3 e5 42.Nd2 Ra2 43.Nf1 Ke6
44.Kg2 f5 45.exf5 gxf5 46.Ne3 Ne4 47.Nd1 Rd2 48.Rf1 f4 49.gxf4 exf4 50.Re1 Kf5
51.Kf3 Nc5 52.Rg1 Ne6 53.Kg2 Kg4 54.Nc3 Nc5 55.Rh1 f3 56.Kf1 Ne4 57.Ke1 Rxf2
58.Rg1 Rg2 59.Rxg2 fxg2 60.Ne2 Kxh4 61.Ng1 Kg3 62.Ke2 h4 63.Ke3 Nc3 64.Kd3 h3
0-1

[Event "Cto. Equipos de Navarra DH 2018"]
[Site "?"]
[Date "2018.11.17"]
[Round "6"]
[White "Jimenez Almeida, Luis David"]
[Black "Ramos Dominguez, Joaquin"]
[Result "1/2-1/2"]
[EventDate "2018.??.??"]
[EventCountry "ESP"]
[EventType "team"]
[EventRounds "7"]
[WhiteElo "2271"]
[BlackElo "2099"]

1.d4 Nc6 2.d5 Ne5 3.Qd4 d6 4.e4 c5 5.dxc6 Nxc6 6.Bb5 Bd7 7.Bxc6 Bxc6 8.c4 Nf6
9.Nc3 g6 10.Be3 Bg7 11.f3 O-O 12.Qd2 Qa5 13.Nge2 Rfc8 14.Nd4 Bd7 15.b3 a6 16.Rc1
b5 17.Nd5 Qxd2 18.Kxd2 Nxd5 19.cxd5 Bxd4 20.Bxd4 Kf8 21.g4 f6 22.h4 h6 23.g5
fxg5 24.hxg5 h5 25.a3 a5 26.Bf2 Rxc1 27.Rxc1 Rc8 28.Re1 Kf7 29.Re3 Rc7 30.Bg3
Rc8 31.Rd3 Rh8 32.e5 dxe5 33.Bxe5 Rc8 34.Bc3 h4 35.Rd4 h3 36.Rh4 Bf5 37.Rh7 Ke8
38.Rh8 Kd7 39.Rxc8 Kxc8 1/2-1/2

[Event "Cto. Equipos de Navarra DH 2018"]
[Site "?"]
[Date "2018.11.17"]
[Round "6"]
[White "Huarte Zozaya, Aitor"]
[Black "Martinez Martin, Inigo"]
[Result "1/2-1/2"]
[EventDate "2018.??.??"]
[EventCountry "ESP"]
[EventType "team"]
[EventRounds "7"]
[WhiteElo "1992"]
[BlackElo "2136"]

1.e4 c6 2.d4 d5 3.Nc3 g6 4.Nf3 Bg7 5.h3 dxe4 6.Nxe4 Nf6 7.Nxf6 Bxf6 8.c3 O-O
9.Bc4 b5 10.Bd3 Qd5 11.Qc2 Re8 12.Be4 Bf5 13.Bxf5 Qxf5 14.Qxf5 gxf5 15.O-O Nd7
16.a4 a6 17.Bf4 Nb6 18.axb5 axb5 19.Be5 Kg7 20.Bxf6 Kxf6 21.Ne5 Nc4 22.Nxc4 bxc4
23.Rfb1 Ke6 24.Kf1 Kd6 25.Ke2 Rxa1 26.Rxa1 Rb8 27.Ra2 f6 28.Kd2 e5 29.g3 exd4
30.cxd4 Kd5 31.Ra5 Kxd4 32.Rxf5 Rxb2 33.Kc1 Re2 34.Rxf6 c5 35.g4 Kc3 36.Rf3 Kb4
37.Rf7 c3 38.Kd1 Ra2 39.g5 Kb3 40.Rb7 Kc4 41.Rf7 Kb3 42.Rb7 Kc4 43.Rxh7 Ra1
44.Kc2 Ra2 45.Kc1 Ra1 46.Kc2 Ra2 47.Kd1 Ra1 48.Kc2 Ra2 1/2-1/2

[Event "Cto. Equipos de Navarra DH 2018"]
[Site "?"]
[Date "2018.11.17"]
[Round "6"]
[White "Sanchez Carayol, Jesus Carlos"]
[Black "Juez Villar, Erik"]
[Result "1-0"]
[EventDate "2018.??.??"]
[EventCountry "ESP"]
[EventType "team"]
[EventRounds "7"]
[WhiteElo "2093"]
[BlackElo "1994"]

1.e4 c6 2.d4 d5 3.Nc3 dxe4 4.Nxe4 Bf5 5.Ng3 Bg6 6.N1e2 e6 7.h4 h6 8.Nf4 Bh7
9.Bc4 Nf6 10.c3 Nd5 11.Qe2 Nxf4 12.Bxf4 Nd7 13.d5 cxd5 14.Bxd5 Nc5 15.Qb5 Qd7
16.Qxd7 Kxd7 17.Bc4 Kc6 18.O-O-O Be7 19.Ne2 Rhd8 20.Nd4 Kb6 21.b4 e5 22.Bxe5
Rac8 23.Nb3 Ne6 24.Rxd8 Rxc4 25.Rd7 Bxb4 26.Kb2 Bf8 27.Rxf7 Re4 28.Bd4 Kc6
29.Be3 Bg6 30.Nd4 Kd5 31.Rxb7 Nc5 32.Rb5 Be8 33.Ra5 Kc4 34.Nf3 Re6 35.Nd2 Kd3
36.Nb3 Na4 1-0

[Event "Cto. Equipos de Navarra DH 2018"]
[Site "?"]
[Date "2018.11.17"]
[Round "6"]
[White "Malon Insausti, Andres"]
[Black "Lopez Orois, Jose Manuel"]
[Result "1-0"]
[EventDate "2018.??.??"]
[EventCountry "ESP"]
[EventType "team"]
[EventRounds "7"]
[WhiteElo "1900"]
[BlackElo "2034"]

1.d4 Nf6 2.Bf4 e6 3.Nf3 c5 4.c3 d5 5.e3 Nc6 6.Nbd2 Bd6 7.Bg3 O-O 8.Bd3 Re8 9.Ne5
Ne7 10.h3 b6 11.O-O Bb7 12.Re1 Ne4 13.Bh2 f6 14.Nef3 Bxh2 15.Nxh2 Nxd2 16.Qxd2
f5 17.Rad1 Qd6 18.f4 a5 19.Qe2 c4 20.Bc2 b5 21.Nf3 Nc6 22.Qd2 Reb8 23.Ra1 Qe7
24.Kh2 Kh8 25.Rg1 Rg8 26.g4 g6 27.Rg2 Rg7 28.Rag1 Rag8 29.Qe1 Nd8 30.Kg3 Nf7
31.g5 Bc6 32.h4 Be8 33.Rh2 h5 34.gxh6 Nxh6 35.Ng5 Nf7 36.Rgh1 Nh6 37.Bd1 Rf8
38.Bf3 Kg8 39.Qe2 Nf7 40.Nh3 Nd6 41.Qe1 Nf7 42.Kg2 Rh7 43.Ng1 Nd6 44.Ne2 Kg7
45.Qg3 Rh6 46.Kf2 Rfh8 47.h5 Qf6 48.Rh3 Bf7 49.Qg2 Be8 50.Ng3 g5 51.fxg5 Qxg5
52.Nxf5 1-0

[Event "Cto. Equipos de Navarra DH 2018"]
[Site "?"]
[Date "2018.11.17"]
[Round "6"]
[White "Zamarbide Inarrea, Borja"]
[Black "Roviralta Montero, Axel"]
[Result "1-0"]
[EventDate "2018.??.??"]
[EventCountry "ESP"]
[EventType "team"]
[EventRounds "7"]
[WhiteElo "2038"]
[BlackElo "1813"]

1.e4 e6 2.d4 a6 3.c4 b5 4.cxb5 Bb7 5.Nc3 Bb4 6.Bd3 f5 7.f3 fxe4 8.fxe4 Bxc3
9.bxc3 Bxe4 10.Qh5 g6 11.Qe5 Bxg2 12.Qxh8 Qh4 13.Kd2 Kf8 14.Ba3 d6 15.Ne2 Nd7
16.Rhf1 Bxf1 17.Rxf1 Ndf6 18.b6 c5 19.dxc5 Qg5 20.Kc2 dxc5 21.Rxf6 Qxf6 22.Bxc5
Kf7 23.Qxh7 Qg7 24.Bxg6 1-0

[Event "Cto. Equipos de Navarra DH 2018"]
[Site "?"]
[Date "2018.11.17"]
[Round "6"]
[White "Garisoain Ardanaz, Alvaro"]
[Black "Aldave Aguado, Adrian"]
[Result "0-1"]
[EventDate "2018.??.??"]
[EventCountry "ESP"]
[EventType "team"]
[EventRounds "7"]
[WhiteElo "1665"]
[BlackElo "1938"]

1.d4 e6 2.Nf3 Nf6 3.e3 d6 4.Bd3 g6 5.e4 Bg7 6.Bg5 h6 7.Bh4 g5 8.e5 gxh4 9.exf6
Qxf6 10.Nbd2 Nc6 11.Ne4 Qe7 12.c3 Bd7 13.Qe2 O-O-O 14.h3 f5 15.Ned2 Qf6 16.O-O-O
e5 17.dxe5 dxe5 18.Bb5 a6 19.Bxc6 Bxc6 20.Rhe1 Rhe8 21.Nb3 Bd5 22.c4 Qc6 23.Nfd2
Bf6 24.Kb1 Bf7 25.Qf3 Qxf3 26.gxf3 Bg5 27.Re2 Bxc4 28.Ree1 Bd3 29.Ka1 Bc2 0-1

[Event "Cto. Equipos de Navarra DH 2018"]
[Site "?"]
[Date "2018.11.17"]
[Round "6"]
[White "Zamarbide Inarrea, Daniel"]
[Black "Esparza Martinez, Javier Ignacio"]
[Result "1-0"]
[EventDate "2018.??.??"]
[EventCountry "ESP"]
[EventType "team"]
[EventRounds "7"]
[WhiteElo "2202"]
[BlackElo "1954"]

1.e4 e6 2.Nf3 d5 3.Nc3 Nf6 4.e5 Nfd7 5.d4 c5 6.dxc5 Bxc5 7.Bd3 Nc6 8.Bf4 a6
9.O-O Qc7 10.Re1 Be7 11.Qd2 Nc5 12.Bf1 b5 13.a3 Bb7 14.b4 Nd7 15.Nxd5 exd5 16.e6
Qd8 17.exf7 Kf8 18.Ng5 Bxg5 19.Re8 1-0

[Event "Cto. Equipos de Navarra DH 2018"]
[Site "?"]
[Date "2018.11.17"]
[Round "6"]
[White "Ruiz Escobar, Rafael"]
[Black "Munoz Arana, Miguel"]
[Result "1-0"]
[EventDate "2018.??.??"]
[EventCountry "ESP"]
[EventType "team"]
[EventRounds "7"]
[WhiteElo "1888"]
[BlackElo "2026"]

1.d4 d5 2.Bf4 Nf6 3.e3 c5 4.Nd2 Nc6 5.c3 a6 6.Bd3 Bg4 7.Ngf3 e6 8.h3 Bh5 9.Rc1
Be7 10.O-O O-O 11.Re1 Qd7 12.a4 Rfd8 13.Qe2 Rac8 14.g4 Bg6 15.Bxg6 hxg6 16.Bg5
Ne4 17.Bxe7 Qxe7 18.Nxe4 dxe4 19.Nd2 f5 20.f3 exf3 21.Nxf3 Rc7 22.Qg2 b5 23.axb5
axb5 24.Qg3 Rf8 25.dxc5 f4 26.exf4 Qxc5 27.Kg2 Rcf7 28.b4 Qc4 29.Ng5 Rxf4 30.Qh4
Qa2 31.Kh1 Qd5 32.Kg1 R8f6 33.Qh7 Kf8 34.Qh8 Ke7 35.Qxg7 Rf7 36.Nxf7 Rxf7
37.Qxg6 Ne5 38.Qg5 Kd6 39.Rxe5 1-0

[Event "Cto. Equipos de Navarra DH 2018"]
[Site "?"]
[Date "2018.11.17"]
[Round "6"]
[White "Labiano Hernandez, Juan"]
[Black "Apesteguia Domaica, Jose Antonio"]
[Result "1-0"]
[EventDate "2018.??.??"]
[EventCountry "ESP"]
[EventType "team"]
[EventRounds "7"]
[WhiteElo "2041"]
[BlackElo "1852"]

1.e4 e5 2.Bc4 Nf6 3.d3 Nc6 4.Nf3 Be7 5.O-O O-O 6.Re1 d6 7.c3 Na5 8.Bb5 a6 9.Ba4
b5 10.Bc2 c5 11.Nbd2 Nc6 12.Nf1 Bd7 13.Ne3 Qc8 14.d4 Bg4 15.d5 Na5 16.h3 Bd7
17.Kh2 c4 18.g4 g6 19.Rg1 Kh8 20.Nd2 Nb7 21.f3 Bd8 22.Qe1 Bb6 23.Ndf1 Qd8 24.Rg2
Ne8 25.b3 cxb3 26.axb3 a5 27.Ba3 Rc8 28.Bb2 Nc5 29.c4 Qf6 30.Qg3 Ng7 31.Rd2 Ra8
32.cxb5 Bxb5 33.Nc4 Bxc4 34.bxc4 Rfb8 35.Ba4 Nxa4 36.Rxa4 Bc5 37.Bc3 Rb3 38.Rc2
Bd4 39.g5 Nh5 40.gxf6 Nxg3 41.Nxg3 Bxc3 42.Ne2 Bb4 43.Kg2 Rc8 44.Nc1 Rc3 45.Rxc3
Bxc3 46.Nb3 h5 47.Ra3 Bb4 48.Ra1 Rxc4 49.Nxa5 Rc2 50.Kh1 Rf2 51.Nc6 Bc5 52.Ra8
Kh7 53.Rf8 Rxf3 54.Rxf7 Kh8 55.Ne7 Rg3 56.Rg7 1-0

[Event "Cto. Equipos de Navarra DH 2018"]
[Site "?"]
[Date "2018.11.17"]
[Round "6"]
[White "Gonzalez Pabollet, Jesus Maria S"]
[Black "Vinal Gutierrez, Pedro"]
[Result "0-1"]
[EventDate "2018.??.??"]
[EventCountry "ESP"]
[EventType "team"]
[EventRounds "7"]
[WhiteElo "1812"]
[BlackElo "2040"]

1.e4 e6 2.d4 d5 3.exd5 exd5 4.Bd3 Nc6 5.Nf3 Bd6 6.O-O Bg4 7.Re1 Nge7 8.c3 Qd7
9.b4 O-O 10.b5 Nd8 11.h3 Bf5 12.Ne5 Qc8 13.a4 f6 14.Ng4 Nf7 15.Na3 Bxd3 16.Qxd3
Ng6 17.Nc2 Qd7 18.g3 f5 19.Nh2 f4 20.Ng4 Ng5 21.gxf4 Bxf4 22.Bd2 Bxd2 0-1

[Event "Cto. Equipos de Navarra DH 2018"]
[Site "?"]
[Date "2018.11.17"]
[Round "6"]
[White "Jedrocha, Katarzyna"]
[Black "Garcia Mina, Daniel"]
[Result "1-0"]
[EventDate "2018.??.??"]
[EventCountry "ESP"]
[EventType "team"]
[EventRounds "7"]
[WhiteElo "1922"]
[BlackElo "1736"]

1.d4 d5 2.Nf3 e6 3.g3 Nf6 4.Bg2 c5 5.O-O Nc6 6.b3 Qb6 7.Bb2 Bd7 8.e3 Be7 9.dxc5
Bxc5 10.Nbd2 O-O-O 11.a3 Rhg8 12.c4 a5 13.Qc2 d4 14.exd4 Nxd4 15.Nxd4 Bxd4
16.Bxd4 Qxd4 17.Nf3 Qc5 18.b4 axb4 19.axb4 Qf5 20.Qa2 Bc6 21.Nh4 Qe5 22.Bxc6
bxc6 23.Qa8 Kd7 24.Rfd1 Ke7 25.Ra7 Nd7 26.Qxc6 Kf6 27.Rdxd7 Rxd7 28.Rxd7 g5
29.Qf3 1-0